[Event "IV Niterói Chess Open 2024"]
[Site "Rio de Janeiro"]
[Date "2024.08.31"]
[Round "6"]
[White "Nascimento, Kaio Vinicius Da Tr"]
[Black "Lujan, Carolina"]
[Result "0-1"]
[WhiteElo "1693"]
[BlackElo "2262"]
[Annotator "Chessbase"]
[PlyCount "99"]
[EventDate "2024.08.28"]
[EventRounds "7"]
[EventCountry "BRA"]

1. d4 Nf6 2. c4 g6 3. Nc3 d5 4. Nf3 Bg7 5. Bf4 O-O 6. e3 Be6 7. Qb3 c5 8. Qxb7 Qb6 9. Qxb6 axb6 10. Rd1 $146 ({RR} 10. O-O-O Ne4 11. Nxe4 dxe4 12. Ng5 cxd4 13. Bxb8 Rfxb8 14. Nxe6 fxe6 15. exd4 Rxa2 16. Kc2 Rf8 17. Kb3 Ra5 18. Be2 Rxf2 19. Bg4 e5 20. d5 e3 21. Rhe1 e4 22. Rb1 Bd4 23. Re2 Kg7 24. Rbe1 Kf6 {0-1 Zhang,Z (2190)-Bai,J (2406) Zhongshan zt 3.5 2014 (5)}) ({RR} 10. dxc5 bxc5 11. Ng5 Nc6 12. Nxe6 fxe6 13. Be2 d4 14. Nb5 e5 15. Bg3 e4 16. Nc7 Rab8 17. Nb5 Rb7 18. O-O d3 19. Bd1 Nh5 20. Bxh5 gxh5 21. Rab1 Nb4 22. Nc3 Ra7 23. Nxe4 Rxa2 24. Nxc5 Rc8 {½-½ Sakaev,K (2594)-Gelfand,B (2747) Vladimir Petrov Memorial op 2015 (5)}) ({RR} 10. Ng5 Nc6 11. Nxe6 fxe6 12. dxc5 bxc5 13. Be2 d4 14. Nb5 e5 15. Bg5 e4 16. Nc7 Ra5 17. Ne6 Rb8 18. Nxg7 Kxg7 19. f3 d3 20. Bf1 Rxb2 21. Bxf6+ exf6 22. fxe4 Nb4 23. Rd1 Raxa2 24. h4 Ra3 {0-1 Filip,V (1950)-Postupa,P (2242) CZE-chT2C 1415 2014 (5.7)}) 10... Ne4 11. Bc7 Nxc3 12. bxc3 Rxa2 13. Nd2 Nd7 14. Bf4 dxc4 15. Bxc4 Rxd2 16. Kxd2 Bxc4 17. Rb1 b5 18. Rhd1 e5 19. Bg3 cxd4 20. exd4 exd4 21. cxd4 Ra8 22. Kc2 Nb6 23. Bd6 Rc8 24. Bc5 Na4 25. Rd2 Nxc5 26. dxc5 Rxc5 27. Rd8+ Bf8 28. Kb2 Kg7 29. Rc1 Be7 30. Rd7 Bf6+ 31. Ka3 Re5 32. Rc2 Be7+ 33. Kb2 Re1 34. Kc3 Bf6+ 35. Kb4 Rh1 36. h3 Rg1 37. g3 Be6 38. Rb7 Rb1+ 39. Kc5 b4 40. Re2 Rc1+ 41. Kd6 Bc4 42. Re4 Rd1+ 43. Kc5 Bd5 44. Rbxb4 Bxe4 45. Rxe4 Rd2 46. f4 Rd3 47. g4 h6 48. f5 Rxh3 49. fxg6 Kxg6 50. Re1 0-1

[Event "IV Niterói Chess Open 2024"]
[Site "Rio de Janeiro"]
[Date "2024.08.29"]
[Round "3"]
[Board "55"]
[White "De Haro, Martim Afonso Palma"]
[Black "Jurado, Laura Alves"]
[Result "1-0"]
[WhiteElo "1804"]
[BlackElo "1612"]
[Annotator "Chessbase"]
[PlyCount "43"]
[EventDate "2024.08.28"]
[EventRounds "7"]
[EventCountry "BRA"]

1. e4 c6 2. d4 d5 3. exd5 cxd5 4. c4 Nf6 5. Nc3 g6 6. Nf3 Bg7 7. h3 O-O 8. Bd3 Nc6 ({RR} 8... dxc4 9. Bxc4 a6 10. a4 {½-½ Barlov,D (2433)-Gleizerov,E (2536) Las Palmas Centro Goya op 2014 (4)}) ({RR} 8... a6 9. a4 Nc6 10. O-O Nb4 11. c5 b6 12. Re1 bxc5 13. dxc5 Qc7 14. Qe2 Qxc5 15. Be3 Qc7 16. Rac1 Nxd3 17. Qxd3 Qb7 18. Bc5 Re8 19. Qd2 a5 20. Ne5 Be6 21. Nd3 Bf5 22. Nf4 Rad8 23. Nb5 {0-1 Lama,M (2010)-Li,W (2194) 5th SCO Teams 2023 (3.5)}) 9. a3 b6 $146 ({RR} 9... dxc4 10. Bxc4 Bf5 11. O-O Rc8 12. Ba2 Ne4 13. Re1 Nxc3 14. bxc3 Qa5 15. Bb2 Qb6 16. Qd2 Bf6 17. g4 Bd7 18. Rab1 Na5 19. Ne5 Ba4 20. Ba1 Qc7 21. Qd3 e6 22. Qf3 Bxe5 23. Rxe5 Nc4 24. Rc5 {0-1 Foussard,G (2030)-Betton,O (2175) FRA-chT2 West 0607 2006 (5.3)}) ({RR} 9... dxc4 10. Bxc4 Bf5 11. O-O Ne4 12. Re1 Nd6 13. Ba2 b5 14. g4 Bd7 15. Bg5 h6 16. Bh4 g5 17. Bg3 a6 18. Qd3 Nc4 19. Bxc4 bxc4 20. Qxc4 Qc8 21. d5 Nd4 22. Qd3 Nxf3+ 23. Qxf3 f5 24. gxf5 {1-0 Ranfagni,S (1998)-Giretti Kanev,J (2199) Robecchetto op 22nd 2011 (1)}) ({RR} 9... dxc4 10. Bxc4 e6 11. O-O a6 12. Bg5 Ne7 13. Bd3 h6 14. Bh4 Nf5 15. Bxf5 exf5 16. Qb3 g5 17. Bg3 f4 18. Bh2 Nh5 19. Rad1 b5 20. Ne4 Bf5 21. Nc5 Qb6 22. Na4 Qd8 23. Nc3 Qc8 24. Ne2 {0-1 Frei,E-Heinzelmann,H AUT-chT3 9899 1998 (8)}) 10. O-O Bb7 11. Re1 e6 12. Bg5 Ne7 13. Ne5 dxc4 14. Bxc4 Nf5 15. Ne4 Rc8 16. Ba2 Qe7 17. d5 Rfd8 18. Ng4 Bxd5 19. Nexf6+ Bxf6 20. Bxf6 Qb7 21. Bxd8 Rxd8 22. Nf6+ 1-0

[Event "IV Niterói Chess Open 2024"]
[Site "Rio de Janeiro"]
[Date "2024.08.30"]
[Round "4"]
[Board "4"]
[White "Quintiliano, Renato R."]
[Black "Azevedo Junior, Jose Ferreira"]
[Result "1-0"]
[WhiteElo "2499"]
[BlackElo "2057"]
[Annotator "Chessbase"]
[PlyCount "47"]
[EventDate "2024.08.28"]
[EventRounds "7"]
[EventCountry "BRA"]

1. Nf3 d5 2. e3 Nf6 3. c4 c6 4. Nc3 g6 5. d4 Bg7 6. Bd3 O-O 7. O-O b6 8. Qe2 Bb7 9. e4 ({RR} 9. Rd1 Nbd7 10. e4 dxe4 11. Bxe4 Nxe4 12. Nxe4 Nf6 13. Nc3 Qc7 14. Bg5 Rad8 15. Re1 h6 16. Bh4 e6 17. Rad1 a6 18. Bg3 Qe7 19. Na4 Nd7 20. Bc7 Rc8 21. Bxb6 Qb4 22. Nc5 Nxb6 23. Nxb7 Nxc4 {1-0 Rustemov,A (2525)-Petesch,G (2330) Titled Tue 13th Jun Late 2023 (3)}) 9... dxe4 10. Nxe4 Nbd7 11. Re1 Re8 $146 ({RR} 11... Nxe4 12. Qxe4 e5 13. dxe5 Nc5 14. Bg5 Qxd3 15. Qh4 h5 16. Be7 Rfe8 17. Bxc5 bxc5 18. h3 Rad8 19. Rad1 Qxd1 20. Rxd1 Rxd1+ 21. Kh2 Bxe5+ 22. Nxe5 Rxe5 23. Qf4 Rde1 24. Qf6 Re8 25. g4 hxg4 26. hxg4 {0-1 Barbosa,J (1784)-Carvalho,H (2182) Porto Seguro op 2014 (5)}) 12. Bg5 Qc7 13. Nc3 a6 14. Rad1 e6 15. Bc2 Rac8 16. Ne5 c5 17. Ba4 b5 18. cxb5 cxd4 19. bxa6 d3 20. Qe3 Bxa6 21. Bxf6 Nxf6 22. Bxe8 Rxe8 23. Nxd3 Qc6 24. Nb1 1-0

[Event "IV Niterói Chess Open 2024"]
[Site "Rio de Janeiro"]
[Date "2024.08.29"]
[Round "2"]
[Board "43"]
[White "Garcia, Erich Douglas Ribeiro"]
[Black "De Souza, Felipe Guimaraes"]
[Result "0-1"]
[WhiteElo "1675"]
[BlackElo "2038"]
[Annotator "Chessbase"]
[PlyCount "70"]
[EventDate "2024.08.28"]
[EventRounds "7"]
[EventCountry "BRA"]

1. d4 Nf6 2. c4 e6 3. a3 c5 4. d5 exd5 5. cxd5 g6 6. Nc3 Bg7 7. e4 O-O ({RR} 7... d6 8. f3 Nbd7 9. Nge2 a6 10. a4 O-O 11. Ng3 h5 12. Bg5 Qb6 13. Qd2 Nh7 14. a5 Qc7 15. Bh6 h4 16. Bxg7 Kxg7 17. Nge2 Ne5 18. Nf4 Qe7 19. Be2 f5 20. O-O Ng5 21. exf5 Bxf5 22. Rae1 {1-0 Firouzja,A (2785)-Mendonca,L (2541) Titled Tue 28th Feb Late 2023 (3)}) ({RR} 7... d6 8. f4 O-O 9. Nf3 Re8 10. Qc2 Qe7 11. Bd3 c4 12. Be2 Nxe4 13. Nxe4 Qxe4 14. Qxe4 Rxe4 15. Ng5 Re7 16. Kd1 c3 17. bxc3 Bxc3 18. Rb1 Bd7 19. Bd3 Na6 20. Bxa6 Ba4+ {0-1 Kennedy,S (1784)-Lohan,M (1826) World Senior Teams +65 2024 (5.1)}) 8. Bd3 d6 9. Nge2 a6 10. Rb1 $146 ({RR} 10. O-O b5 11. Bg5 Re8 12. Ng3 Nbd7 13. f4 Qc7 14. Kh1 c4 15. Bc2 Nc5 16. h3 Rb8 17. Qf3 Nfd7 18. Rae1 a5 19. e5 dxe5 20. fxe5 Nxe5 21. Qf4 b4 22. Nce4 Nxe4 23. Nxe4 Bf5 24. Nf6+ Kh8 {1-0 Mas Recorda,P (2087)-Palmero Castillo,M (1619) Girona Provincial-ch 2011 (1)}) ({RR} 10. O-O b5 11. b4 Nbd7 12. Bf4 Qb6 13. h3 Nh5 14. Be3 Ne5 15. bxc5 dxc5 16. f4 Nxd3 17. Qxd3 Bd7 18. g4 Nf6 19. e5 Ne8 20. Ne4 Rc8 21. Rac1 c4 22. Qd2 Qb7 23. Nc5 Qc7 24. Nxa6 Qd8 {½-½ Schena,A (1729)-Borges,G (2216) Santa Catarina State-ch 62nd 2018 (2)}) ({RR} 10. a4 Re8 11. O-O Nbd7 12. f4 Rb8 13. Qc2 Qc7 14. b3 b5 15. axb5 axb5 16. Nxb5 Qb6 17. Nec3 c4+ 18. Kh1 cxd3 19. Qxd3 Ba6 20. Rxa6 Qxa6 21. Be3 Ng4 22. Bd2 Bxc3 23. Bxc3 Qxb5 24. Qf3 Ngf6 {0-1 Acar,O (1798)-Gazioglu,H (1909) TUR Cup Antalya 2019 (11)}) 10... b5 11. b4 Nbd7 12. O-O Re8 13. f3 Ne5 14. Be3 Nfd7 15. Bc2 Nc4 16. Bc1 cxb4 17. axb4 Qb6+ 18. Kh1 Ne3 19. Bxe3 Qxe3 20. Qd3 Qb6 21. f4 Ra7 22. Bb3 Nf6 23. h3 Rae7 24. Ng3 h5 25. h4 Ng4 26. Nd1 Bb7 27. Bc2 Rc7 28. Rb3 Rec8 29. Bb1 Rc4 30. Ne2 Qd8 31. g3 Qe7 32. Nf2 Qd7 33. Nxg4 Qxg4 34. Qf3 Qxf3+ 35. Rbxf3 f5 0-1

[Event "IV Niterói Chess Open 2024"]
[Site "Rio de Janeiro"]
[Date "2024.08.31"]
[Round "6"]
[White "Garcia, Erich Douglas Ribei"]
[Black "Teixeira, Maria Luiza Prado"]
[Result "1-0"]
[WhiteElo "1675"]
[BlackElo "1878"]
[Annotator "Chessbase"]
[PlyCount "57"]
[EventDate "2024.08.28"]
[EventRounds "7"]
[EventCountry "BRA"]

1. d4 d5 2. c4 e6 3. a3 Nf6 4. c5 b6 ({RR} 4... e5 5. dxe5 Ne4 6. b4 Nc6 7. g3 Nxe5 8. f3 Nf6 9. Bb2 Nc4 10. Bd4 Be6 11. e3 a5 12. Nc3 Be7 13. Bxc4 dxc4 14. Nge2 O-O 15. e4 b6 16. f4 Bh3 17. Kf2 Ng4+ 18. Kf3 f5 19. e5 {0-1 Luba,L (2094)-Karpus,M (2364) Lazy op 14th 2018 (5)}) 5. b4 a5 6. Bb2 axb4 $146 ({RR} 6... Be7 7. Nf3 Ne4 8. g3 O-O 9. Bg2 axb4 10. axb4 Rxa1 11. Bxa1 bxc5 12. bxc5 Bf6 13. Nbd2 Nc6 14. O-O Nxd2 15. Qxd2 Ba6 16. Bc3 Qb8 17. Ra1 Bc4 18. Ne5 Bxe5 19. dxe5 Qb5 20. e4 Qxc5 21. exd5 {0-1 Somacarana-Cochrane,J Calcutta 1857}) ({RR} 6... c6 7. e3 Be7 8. Nc3 O-O 9. Nf3 Nbd7 10. Bd3 Ba6 11. O-O Bxd3 12. Qxd3 Qc7 13. h3 Rfb8 14. Qc2 Rb7 15. Rfb1 Rba7 16. Nd2 axb4 17. axb4 bxc5 18. bxc5 e5 19. Ne2 e4 20. Qc1 Nh5 21. Rxa7 {½-½ Espinola,J (1590)-De Lima,E (1798) Joao Pessoa Fischer Memorial 11th 2022 (4)}) ({RR} 6... Be7 7. e3 O-O 8. Bd3 c6 9. Nf3 Ba6 10. O-O Bxd3 11. Qxd3 Ne4 12. Nfd2 f5 13. f3 Nf6 14. Nc3 Na6 15. Na2 Nd7 16. f4 Bf6 17. Qc2 b5 18. Nb3 a4 19. Nd2 Qe8 20. Nf3 Qh5 21. Qf2 {½-½ Kneip,J (1534)-Buechler,F (1829) Kurpfalz Seniors op 05th 1999}) ({RR} 6... Be7 7. Nc3 O-O 8. e3 Bd7 9. Bd3 axb4 10. axb4 bxc5 11. Rxa8 {1-0 Bloemink,H-Trnka,T Rail 4 countries 13th 1996 (2.5)}) 7. axb4 Rxa1 8. Bxa1 Ba6 9. Nc3 c6 10. Nf3 Nbd7 11. e3 Bxf1 12. Kxf1 Be7 13. g3 Qc7 14. Kg2 O-O 15. Re1 Ne4 16. Nxe4 dxe4 17. Nd2 f5 18. Qb3 Rf6 19. d5 exd5 20. Bxf6 Nxf6 21. Qc3 Nd7 22. Nb3 Bf6 23. Nd4 Ne5 24. Qa3 Nd3 25. Ra1 Kf7 26. Qa8 Kg6 27. Ra7 Qe5 28. cxb6 Be7 29. Qe8+ 1-0

[Event "IV Niterói Chess Open 2024"]
[Site "Rio de Janeiro"]
[Date "2024.08.29"]
[Round "2"]
[Board "17"]
[White "Lage, Pedro Ferreira"]
[Black "De Moura Silva, Guilherme"]
[Result "1-0"]
[WhiteElo "2132"]
[BlackElo "1916"]
[Annotator "Chessbase"]
[PlyCount "53"]
[EventDate "2024.08.28"]
[EventRounds "7"]
[EventCountry "BRA"]

1. d4 Nf6 2. Nf3 e6 3. g3 d5 4. Bg2 Bd6 5. O-O Nbd7 6. c4 c6 7. Nbd2 ({RR} 7. Nfd2 e5 8. cxd5 cxd5 9. dxe5 Nxe5 10. Nc3 Be6 11. Qa4+ Nc6 12. e4 d4 13. Nd5 O-O 14. Nb3 d3 15. Bg5 Bxd5 16. exd5 Ne5 17. Rad1 h6 18. Bf4 Nfd7 19. Nc1 Qb6 20. Qb3 g5 21. Bxe5 Nxe5 {½-½ Grischuk,A (2761)-Radjabov,T (2784) Moscow Tal Memorial 7th Blitz 2012 (2)}) 7... Ne4 $146 ({RR} 7... Qe7 8. Re1 Ne4 9. Nxe4 dxe4 10. Nd2 f5 11. f3 exf3 12. Bxf3 Qf6 13. e3 O-O 14. Nf1 e5 15. b3 e4 16. Bg2 Qh6 17. Bb2 Nf6 18. d5 c5 19. Re2 Bd7 20. Qe1 Ng4 21. Rc1 b6 22. a3 {0-1 Gilfer,E-Monticelli,M Olympiad-05 Folkestone 1933 (7.2)}) ({RR} 7... b6 8. Qc2 Bb7 9. e4 dxe4 10. Nxe4 Nxe4 11. Qxe4 Nf6 12. Qe2 Qc7 13. Bg5 Nd7 14. Nd2 h6 15. Be3 O-O 16. Ne4 c5 17. d5 exd5 18. Nc3 Nf6 19. Rfd1 a6 20. Nxd5 Nxd5 21. Bxd5 Bxd5 22. Rxd5 {1-0 Jares,M (2382)-Sharon,R (2015) 61st World Juniors 2024 (8.47)}) ({RR} 7... b6 8. Qc2 Bb7 9. e4 dxe4 10. Ng5 O-O 11. Ndxe4 Nxe4 12. Bxe4 h6 13. Bh7+ Kh8 14. Bg8 f5 15. Nf7+ Rxf7 16. Bxf7 Qf6 17. Bh5 f4 18. Qg6 fxg3 19. hxg3 c5 20. dxc5 Bxc5 21. Bf4 Qxb2 22. Rad1 {1-0 Hart,T-Jones,R British CF-54 U21 1967 (3)}) ({RR} 7... b5 8. e4 Be7 9. e5 Nh5 10. c5 a5 11. Re1 g6 12. Nf1 Ng7 13. g4 h5 14. h3 Nf8 15. Bd2 Bd7 16. Qc1 hxg4 17. hxg4 Nh7 18. N1h2 Bc8 19. Bf1 Kd7 20. g5 Nf5 21. Ng4 Nf8 22. Nf6+ {1-0 Mihajlovic,V-Krstic,R (2270) YUG-chT2 Tivat 1995 (1)}) 8. Nxe4 dxe4 9. Ng5 Nf6 10. Nxe4 Nxe4 11. Bxe4 O-O 12. Qc2 f5 13. Bg2 f4 14. Bd2 e5 15. Bc3 exd4 16. Bxd4 fxg3 17. fxg3 Rxf1+ 18. Rxf1 Bxg3 19. Qc3 Bd6 20. c5 Bf8 21. Qb3+ Kh8 22. e3 Qe8 23. Qf7 Qxf7 24. Rxf7 Kg8 25. Rc7 Rb8 26. b4 Be6 27. a3 1-0

[Event "IV Niterói Chess Open 2024"]
[Site "Rio de Janeiro"]
[Date "2024.08.28"]
[Round "1"]
[Board "37"]
[White "Manzi, Luiz Antonio Bardaro"]
[Black "Vargas, Victor Da Silva"]
[Result "1-0"]
[WhiteElo "1980"]
[BlackElo "1684"]
[Annotator "Chessbase"]
[PlyCount "67"]
[EventDate "2024.08.28"]
[EventRounds "7"]
[EventCountry "BRA"]

1. Nf3 d5 2. g3 Nf6 3. Bg2 c6 4. d4 e6 5. O-O Bd6 6. b3 O-O 7. Bb2 Nbd7 8. Nbd2 Re8 9. c4 b6 10. Re1 ({RR} 10. Qc2 Bb7 11. e4 dxe4 12. Nxe4 Nxe4 13. Qxe4 Nf6 14. Qc2 c5 15. dxc5 Bxc5 16. Rad1 Qe7 17. Ng5 e5 18. Bxb7 Qxb7 19. Qf5 Qc8 20. Qf3 e4 21. Qf4 Qg4 22. Rde1 Qxf4 23. gxf4 e3 24. fxe3 Ng4 {½-½ Krasenkow,M (2671)-Swicarz,M (2378) Wroclaw Anderssen Memorial rapid 2017 (3)}) ({RR} 10. Ne5 Bb7 11. Ndf3 Rc8 12. Rc1 h6 13. e3 Ba6 14. Re1 Ne4 15. cxd5 cxd5 16. Nc6 Qf6 17. Nxa7 Rxc1 18. Qxc1 Bb4 19. Rd1 Be2 20. a3 Bxf3 21. Bxf3 Qxf3 22. axb4 Qxf2+ 23. Kh1 Qf3+ 24. Kg1 Ng5 {0-1 Solcan,M (2204)-Bardyk,A (2192) Titled Tue 20th Feb Late 2024 (2)}) 10... Bb7 11. Rc1 $146 ({RR} 11. Qc2 c5 12. Rad1 Qe7 13. Qb1 Rad8 14. Qa1 e5 15. dxe5 Nxe5 16. Nxe5 Bxe5 17. Bxe5 Qxe5 18. Qxe5 Rxe5 19. Nb1 Ree8 20. cxd5 Bxd5 21. Nc3 Bxg2 22. Kxg2 a6 23. Na4 Rxd1 24. Rxd1 Rxe2 25. Rd8+ Re8 {½-½ Fajman,P (2300)-Hala,B (2195) CZE-chT2V 9899 1998}) ({RR} 11. Ne5 c5 12. e3 Qc7 13. Ndf3 Rac8 14. Rc1 Qb8 15. Rc2 Qa8 16. Ng5 Rf8 17. Nxd7 Nxd7 18. e4 h6 19. e5 Be7 20. Nh3 cxd4 21. Qxd4 Rfd8 22. Qg4 Nc5 23. Nf4 dxc4 24. Bxb7 Qxb7 25. Nh5 Bf8 {0-1 Berrio,A-Rincon,N Barranquilla Carnaval Cup 10th 1999 (3)}) 11... a5 12. e3 a4 13. Ne5 axb3 14. axb3 Bb4 15. Bc3 Bxc3 16. Rxc3 Nxe5 17. dxe5 Nd7 18. f4 b5 19. cxd5 exd5 20. Nf3 Qa5 21. Rc1 h6 22. Nd4 c5 23. Nf5 c4 24. Qg4 g6 25. Nxh6+ Kg7 26. Nf5+ Kg8 27. Nd6 Qc7 28. bxc4 bxc4 29. Nxe8 Rxe8 30. h4 Kg7 31. h5 Rh8 32. hxg6 fxg6 33. Qe6 c3 34. Qe7+ 1-0

[Event "IV Niterói Chess Open 2024"]
[Site "Rio de Janeiro"]
[Date "2024.08.30"]
[Round "4"]
[Board "25"]
[White "Oliveira, Tiago Batista"]
[Black "Moreira, Paulo Vinicius Macedo"]
[Result "1-0"]
[WhiteElo "1982"]
[BlackElo "1797"]
[Annotator "Chessbase"]
[PlyCount "31"]
[EventDate "2024.08.28"]
[EventRounds "7"]
[EventCountry "BRA"]

1. d4 Nf6 2. c4 e6 3. g3 d5 4. Nf3 c5 5. Bg2 Nc6 6. O-O dxc4 7. Qa4 Bd7 8. Qxc4 Qb6 9. dxc5 Bxc5 10. Nc3 Na5 11. Qh4 O-O ({RR} 11... Bc6 12. Na4 Bxa4 13. Qxa4+ Nc6 14. Ne5 Nd5 15. Nxc6 bxc6 16. a3 O-O 17. e3 Rfd8 18. Qc2 a5 19. Bd2 Bd6 20. e4 Ne7 21. Be3 Qc7 22. f4 e5 23. f5 c5 24. f6 Nc6 25. fxg7 Nd4 26. Qd1 {1-0 Donghvani,N (2070)-Gasparyan,M (1909) 40th World Junior Girls 2024 (10.22)}) 12. Ne5 Qc7 ({RR} 12... Nc6 13. Na4 Qb4 14. Nxc5 Qxc5 15. Nd3 Qd4 16. Bf4 Ne7 17. Qg5 Ng6 18. Be3 Qg4 19. Qxg4 Nxg4 20. Bc5 Rfd8 21. Bxb7 Rab8 22. Bg2 a5 23. Ba7 Rb5 24. a4 Rb3 25. Bd4 e5 26. Bc3 Bf5 27. Nc5 {1-0 Gutman,L (2460)-Seppeur,R (2295) Bundesliga 8687 1986 [1]}) 13. Bf4 Qb6 $146 ({RR} 13... Bd6 14. Nxd7 Nxd7 15. Nb5 Bxf4 16. Nxc7 g5 17. Qh6 {1-0 Guedon,S (2282)-Aiglon,N Saint Affrique op 08th  2000 (1)}) 14. Ne4 Bc6 15. Nxf6+ gxf6 16. Bh6 1-0

[Event "IV Niterói Chess Open 2024"]
[Site "Rio de Janeiro"]
[Date "2024.09.01"]
[Round "7"]
[Board "27"]
[White "Moreira, Paulo Vinicius Macedo"]
[Black "Nejanky, Maisa"]
[Result "0-1"]
[WhiteElo "1797"]
[BlackElo "1968"]
[Annotator "Chessbase"]
[PlyCount "158"]
[EventDate "2024.08.28"]
[EventRounds "7"]
[EventCountry "BRA"]

1. d4 Nf6 2. c4 e6 3. g3 d5 4. Nf3 Be7 5. Bg2 O-O 6. O-O dxc4 7. Qc2 c5 8. Rd1 Nc6 9. dxc5 Qa5 10. Qxc4 Qxc5 11. Qxc5 Bxc5 12. Nc3 h6 $146 ({RR} 12... e5 13. Bg5 Bf5 14. Bxf6 gxf6 15. Nd5 Kg7 16. Rac1 Bd4 17. Nxd4 Nxd4 18. Kf1 Nc6 19. b4 Rad8 20. a3 Be6 21. b5 Nd4 22. Nc7 Bg4 23. f3 Bf5 24. Kf2 b6 25. e3 Nb3 26. Rxd8 Rxd8 27. Rc3 {0-1 Costa,C (2240)-Noseda,F (1962) Rio de Janeiro Verao op 2014 (2)}) 13. b3 e5 14. Na4 Be7 15. Bb2 e4 16. Nd2 e3 17. fxe3 Ng4 18. Nf1 Bg5 19. e4 Nb4 20. h3 Ne3 21. Nxe3 Bxe3+ 22. Kh2 Be6 23. Nc3 Nc2 24. Rab1 Rac8 25. Nd5 Bg5 26. h4 Bd8 27. Rbc1 Bxd5 28. exd5 Bb6 29. Bh3 f5 30. Rd2 Ne3 31. d6 Rcd8 32. Rd3 g5 33. hxg5 hxg5 34. Bd4 Rxd6 35. Bxb6 Rxd3 36. exd3 axb6 37. Rc7 Ra8 38. a4 b5 39. axb5 Ra2+ 40. Kg1 g4 41. Re7 Ra1+ 42. Kh2 Re1 43. Bg2 Nf1+ 44. Bxf1 Rxe7 45. Kg2 Kg7 46. Kf2 Kf6 47. Bg2 b6 48. Bc6 Kg5 49. d4 f4 50. gxf4+ Kxf4 51. d5 Re3 52. d6 g3+ 53. Kg2 Rxb3 54. d7 Rb2+ 55. Kf1 Rd2 56. Ke1 Rd4 57. Ke2 Rd6 58. Kf1 Kg4 59. Kg1 Rd2 60. Kh1 Kh4 61. Kg1 Kh3 62. Kf1 Kh2 63. Ke1 Rd6 64. Kf1 Rf6+ 65. Ke2 Rf8 66. Ke3 Rd8 67. Kd4 Rxd7+ 68. Bxd7 g2 69. Kd5 g1=Q 70. Kc6 Kg3 71. Kc7 Kf4 72. Bc6 Ke5 73. Bd7 Qc5+ 74. Kb7 Kd6 75. Bc6 Qe3 76. Bh1 Qe7+ 77. Kxb6 Qc7+ 78. Ka6 Kc5 79. Bd5 Qb6# 0-1

[Event "IV Niterói Chess Open 2024"]
[Site "Rio de Janeiro"]
[Date "2024.08.28"]
[Round "1"]
[Board "36"]
[White "Ishida, Leopoldo Tetsuo"]
[Black "Oliveira, Tiago Batista"]
[Result "0-1"]
[WhiteElo "1688"]
[BlackElo "1982"]
[Annotator "Chessbase"]
[PlyCount "60"]
[EventDate "2024.08.28"]
[EventRounds "7"]
[EventCountry "BRA"]

1. d4 d5 2. Nf3 e6 3. c4 Nf6 4. g3 Be7 5. Bg2 O-O 6. O-O dxc4 7. Ne5 Nc6 8. Nxc6 bxc6 9. Bxc6 Rb8 10. Nc3 Bb7 11. Bg2 ({RR} 11. Qa4 Qxd4 12. Be3 Bxc6 13. Qxc6 Qd6 14. Qxc4 Rb4 15. Qd3 Qxd3 16. exd3 Rxb2 17. Bxa7 Ra8 18. Be3 Bb4 19. Nb5 Nd5 20. a3 Bf8 21. a4 Rb4 22. Rfc1 Raxa4 23. Rxa4 Rxa4 24. Nxc7 Nxe3 25. fxe3 Ra3 {½-½ Shipov,S (2625)-Lautier,J (2653) FIDE-Wch k.o. 2001 (2.1)}) 11... Bxg2 12. Kxg2 Qd7 $146 ({RR} 12... c5 13. e3 Qc7 14. Qf3 Rfd8 15. Rd1 h6 16. d5 exd5 17. Nxd5 Nxd5 18. Rxd5 Rxd5 19. Qxd5 Qb7 20. Qf3 Qxf3+ 21. Kxf3 Bf6 22. e4 c3 23. bxc3 Bxc3 24. Bf4 Rb2 25. Rc1 Bb4 26. Be3 Rxa2 27. Bxc5 {1-0 Almeida,C (1863)-Aguero Centurio,A (1813) Este op 5th Ciudad del Este 2015 (3)}) ({RR} 12... c5 13. dxc5 Qc7 14. Qc2 Qxc5 15. Be3 Qa5 16. Qa4 Qxa4 17. Nxa4 Rb4 18. b3 cxb3 19. axb3 Rxb3 20. Nc5 Rb5 21. Na6 Nd5 22. Bxa7 Bf6 23. Rfb1 Rxb1 24. Rxb1 Nc3 25. Rb2 Ra8 26. Nc7 Rc8 27. Nb5 {½-½ Klaas,T (1830)-Weldegebriel Beraki,K (1820) Online Olym Div4 B rapid 2021 (4.1)}) ({RR} 12... c5 13. dxc5 Bxc5 14. Rb1 Bd4 15. Bf4 Rb7 16. e3 Bc5 17. Qf3 Rd7 18. Qe2 Rd3 19. Rfd1 Nd5 20. Rxd3 Nxf4+ 21. exf4 cxd3 22. Qe4 Qd7 23. Rd1 Rd8 24. Rd2 Be7 25. Qf3 Bb4 26. a3 Bxc3 27. bxc3 {0-1 Grachev,A (1956)-Vunder,A (2199) St Petersburg Summer op 2017 (4)}) 13. Qc2 c5 14. Bf4 cxd4 15. Bxb8 dxc3 16. Bf4 Qb7+ 17. Kg1 Qxb2 18. Rfc1 Nd5 19. Be5 Ba3 20. Rab1 Qxc2 21. Rxc2 Bb2 22. a3 f6 23. Bd4 e5 24. Bxa7 Rc8 25. e4 Nc7 26. Bc5 Nb5 27. Bb4 Nd4 28. Bxc3 Bxc3 29. Ra2 Bd2 30. Kg2 c3 0-1

[Event "IV Niterói Chess Open 2024"]
[Site "Rio de Janeiro"]
[Date "2024.08.28"]
[Round "1"]
[Board "11"]
[White "Pires, Marcos Vinicius Torsani"]
[Black "De Sa, Miguel Melro Franco Braga"]
[Result "1-0"]
[WhiteElo "2212"]
[BlackElo "1813"]
[Annotator "Chessbase"]
[PlyCount "53"]
[EventDate "2024.08.28"]
[EventRounds "7"]
[EventCountry "BRA"]

1. Nf3 Nf6 2. d4 d5 3. g3 e6 4. Bg2 Be7 5. O-O O-O 6. c4 c6 7. Nc3 b6 8. Ne5 Bb7 9. e4 dxe4 10. Nxe4 Nxe4 11. Bxe4 Qc8 ({RR} 11... Qc7 12. Bf4 Bd6 13. Qh5 g6 14. Qh6 Nd7 15. Rfe1 Nxe5 16. dxe5 Be7 17. h4 c5 18. Bg5 Bxg5 19. hxg5 Rab8 20. Re2 Qxe5 21. Bxg6 Qg7 22. Qxg7+ Kxg7 23. Bc2 Rbd8 24. f4 h6 25. gxh6+ Kxh6 26. Kf2 {0-1 Csonka,B (2473)-Antoniou,R (2027) Titled Tue 16th Jul Early 2024 (9)}) 12. Qc2 ({RR} 12. Qf3 f5 13. Bc2 c5 14. d5 Nd7 15. Re1 Nxe5 16. Rxe5 Bd6 17. Re1 exd5 18. cxd5 c4 19. Be3 Qd7 20. Rad1 Rae8 21. Bd2 a5 22. a3 Bc5 23. Bc3 Rxe1+ 24. Bxe1 f4 25. g4 Bd6 26. Bc3 Re8 {1-0 Sarana,A (2625)-Saraci,N (2391) Titled Tuesday intern op 5th March blitz 2019 (6)}) 12... h6 $146 ({RR} 12... f5 13. Bg2 Nd7 14. Bf4 Nf6 15. Rad1 Re8 16. Rfe1 Nd7 17. Qa4 Nxe5 18. Bxe5 Bf8 19. h3 a6 20. Qb3 b5 21. cxb5 axb5 22. g4 fxg4 23. hxg4 Qd7 24. a3 Qf7 25. Be4 g6 26. Re3 Bg7 27. Rf3 {1-0 Borriss,C (2112)-Heyme,S (2099) BL 0405 (Women) 2004 (10.5)}) ({RR} 12... f5 13. Bg2 c5 14. Bxb7 Qxb7 15. dxc5 Bxc5 16. Rd1 Nc6 17. Nd7 Nd4 18. Rxd4 Bxd4 19. Nxf8 Rxf8 20. Qb3 Qe4 21. Qd1 Rc8 22. Bf4 e5 23. Bd2 Bxb2 24. Rb1 Bd4 25. Rb4 Rd8 26. Qc1 Qe2 27. Qe1 {0-1 Sajjadi,K (1860)-Skjoldager,M (2054) Helsingor Xtracon op 2016 (6)}) ({RR} 12... f5 13. Bg2 Bf6 14. c5 Bxe5 15. dxe5 Nd7 16. b4 Nxe5 17. Re1 Ng6 18. Bb2 Re8 19. Qb3 bxc5 20. bxc5 Rb8 21. h4 Ba6 22. Qc3 Re7 23. h5 Nf8 24. Bc1 Rbb7 25. Bf4 h6 26. Bd6 Re8 27. Qf3 {1-0 Schmitz,J (2190)-Steil,J (2085) Oberliga NRW 8990 I 1989 (2)}) 13. c5 Nd7 14. Bf4 Nf6 15. Bg2 bxc5 16. dxc5 Nd5 17. Bd2 Qc7 18. Rfe1 a5 19. Rac1 Rfd8 20. a3 a4 21. h4 Bf8 22. Bh3 Rac8 23. Nxf7 Kxf7 24. Bxe6+ Ke8 25. Bxd5+ Be7 26. Bf4 Qa5 27. Qe4 1-0

[Event "IV Niterói Chess Open 2024"]
[Site "Rio de Janeiro"]
[Date "2024.08.30"]
[Round "4"]
[Board "15"]
[White "Lage, Pedro Ferreira"]
[Black "Pereira, Arthur Macedo"]
[Result "1-0"]
[WhiteElo "2132"]
[BlackElo "1940"]
[Annotator "Chessbase"]
[PlyCount "47"]
[EventDate "2024.08.28"]
[EventRounds "7"]
[EventCountry "BRA"]

1. Nf3 d5 2. g3 Nf6 3. Bg2 e6 4. O-O Be7 5. d4 O-O 6. c4 a5 7. Qc2 Nc6 8. a3 dxc4 9. Qxc4 a4 10. Nc3 Bd7 11. Bf4 Na5 12. Qd3 Nb3 $146 ({RR} 12... Nd5 13. Rad1 Nxf4 14. gxf4 Ra6 15. Ne5 Rb6 16. Rb1 Rb3 17. Rfd1 Bd6 18. Be4 f5 19. Bg2 Kh8 20. e3 Qe8 21. d5 Bc8 22. Qd4 b5 23. Qa7 Bxe5 24. fxe5 Nc4 25. Qxc7 Nxb2 26. Rdc1 Nc4 27. Rxb3 {0-1 Mammadzada,G (2449)-Khotenashvili,B (2464) GEO-AZE Women Match 2024 (1.1)}) 13. Rad1 Nd5 14. Ne5 Nxf4 15. gxf4 Rb8 16. Be4 h6 17. Kh1 Bd6 18. Rg1 Bxe5 19. dxe5 Qh4 20. Qxd7 Qxf2 21. Qxa4 Nc5 22. Qd4 Nxe4 23. Qxe4 f5 24. Qg2 1-0